000 nam a22 a 4500
999 _c203
_d203
003 AKMAL
005 20170426102938.0
008 170426s2010 my a e | 000 0 may d
020 _a9789675451034 (kkt.)
082 0 4 _a351.595 MOK
_222
090 0 0 _a351.595
_bMOK
100 1 _aMok, Soon Sang,
_d1942-
_9457
245 1 0 _aKursus Induksi Perkhidmatan Awam dan Kenegaraan /
_cMok Soon Seng
250 _aEd. ke-2
260 _aPuchong, Selangor :
_bPenerbitan Multimedia,
_c2010
300 _a(ix), 491ms. :
_bil. ;
_c22cm.
490 1 _aSiri pengajian sosial
500 _aMengandungi soalan dan jawapan
504 _aBibliografi : ms. 488-489
650 1 0 _aPublic service commissions
_zMalaysia
_9458
650 2 0 _aCivil service
_zMalaysia
_xExaminations
_9459
650 2 0 _aPublic administration
_zMalaysia
_9419
830 0 _aSiri pengajian sosial
_9460
942 _2ddc
_cBOOK